[Event "ITA-ch U20"]
[Site "Porto San Giorgio"]
[Date "2013.08.23"]
[Round "3"]
[White "Palazzotto, Roberto"]
[Black "Miracola, Massimiliano"]
[Result "1/2-1/2"]
[WhiteElo "2010"]
[BlackElo "2149"]
[PlyCount "50"]
[EventDate "2013.08.21"]
[EventType "swiss"]
[EventRounds "9"]
[EventCountry "ITA"]
[SourceTitle "EXT 2015"]
[Source "ChessBase"]
[SourceDate "2014.11.20"]
[SourceVersion "1"]
[SourceVersionDate "2014.11.20"]
[SourceQuality "1"]

1. e4 c5 2. Nf3 d6 3. d4 cxd4 4. Nxd4 Nf6 5. Nc3 Nc6 6. Be2 e5 7. Nb3 Be7 8. 0-0 0-0 9. Bg5 Be6 10. Bxf6 Bxf6 11. Nd5 Bg5 12. f4 exf4 13. Nxf4 Bf6 14. c3 Qb6+ 15. Kh1 Rad8 16. Nxe6 fxe6 17. Bc4 d5 18. exd5 Ne5 19. Be2 exd5 20. Nd4 Nc4 21. Bxc4 dxc4 22. Qe2 Bxd4 23. Qxc4+ Kh8 24. cxd4 Rfe8 25. b3 Qxd4 1/2-1/2

[Event "ITA-ch U20"]
[Site "Porto San Giorgio"]
[Date "2013.08.21"]
[Round "1"]
[White "Palazzotto, Roberto"]
[Black "De Filomeno, Simone"]
[Result "0-1"]
[WhiteElo "2010"]
[BlackElo "2378"]
[PlyCount "76"]
[EventDate "2013.08.21"]
[EventType "swiss"]
[EventRounds "9"]
[EventCountry "ITA"]
[SourceTitle "EXT 2015"]
[Source "ChessBase"]
[SourceDate "2014.11.20"]
[SourceVersion "1"]
[SourceVersionDate "2014.11.20"]
[SourceQuality "1"]

1. e4 c5 2. Nf3 d6 3. d4 cxd4 4. Nxd4 Nf6 5. Nc3 a6 6. f3 e5 7. Nb3 Be6 8. Be3 Be7 9. Qd2 h5 10. Nd5 Nxd5 11. exd5 Bf5 12. Bd3 Bxd3 13. Qxd3 Nd7 14. 0-0-0 Rc8 15. f4 Qc7 16. Rhe1 0-0 17. Kb1 Bf6 18. Rc1 Rfe8 19. f5 e4 20. Qe2 Nb6 21. Bd4 Bxd4 22. Nxd4 Nxd5 23. Qxh5 Qb6 24. Nb3 a5 25. f6 Nxf6 26. Qxa5 Qc6 27. Re3 Nd5 28. Rg3 e3 29. Rg5 e2 30. Nd4 Qc5 31. Qxc5 Rxc5 32. Re1 Nc3+ 33. bxc3 Rxg5 34. Rxe2 Rxe2 35. Nxe2 Rxg2 36. Nd4 Rxh2 37. Nf5 g5 38. Nxd6 g4 0-1

[Event "ITA-ch U20 20th"]
[Site "Acqui Terme"]
[Date "2012.07.23"]
[Round "1"]
[White "Caprio, Guido"]
[Black "Palazzotto, Roberto"]
[Result "1-0"]
[WhiteElo "2430"]
[BlackElo "1983"]
[PlyCount "67"]
[EventDate "2012.07.23"]
[EventType "swiss"]
[EventRounds "9"]
[EventCountry "ITA"]
[SourceTitle "EXT 2014"]
[Source "ChessBase"]
[SourceDate "2013.11.20"]
[SourceVersion "1"]
[SourceVersionDate "2013.11.20"]
[SourceQuality "1"]

1. d4 c5 2. e4 cxd4 3. Nf3 a6 4. Qxd4 Nc6 5. Qe3 d6 6. h3 Nf6 7. c4 g6 8. Be2 Bg7 9. 0-0 0-0 10. Rd1 Qc7 11. Bd2 Be6 12. Nc3 Rad8 13. Rac1 Nd7 14. Nd5 Qb8 15. b4 Bxd5 16. exd5 Nce5 17. c5 dxc5 18. bxc5 Nxf3+ 19. Bxf3 Ne5 20. Ba5 Rc8 21. Be2 Rfe8 22. f4 Nd7 23. Bg4 f5 24. Qe6+ Kh8 25. Qxd7 fxg4 26. Qxg4 Rf8 27. g3 Rce8 28. Bb6 Qc8 29. Qxc8 Rxc8 30. d6 exd6 31. cxd6 Rxc1 32. Rxc1 Bf6 33. d7 Bd8 34. Bxd8 1-0

[Event "Chioggia op-A 06th"]
[Site "Chioggia"]
[Date "2011.10.07"]
[Round "1"]
[White "Palazzotto, Roberto"]
[Black "Quaranta, Cristiano"]
[Result "1-0"]
[WhiteElo "1877"]
[BlackElo "2128"]
[PlyCount "67"]
[EventDate "2011.10.07"]
[EventType "swiss"]
[EventRounds "5"]
[EventCountry "ITA"]
[SourceTitle "EXT 2022"]
[Source "ChessBase"]
[SourceDate "2021.10.06"]
[SourceVersion "1"]
[SourceVersionDate "2021.10.06"]
[SourceQuality "1"]

1. d4 Nf6 2. Nc3 d5 3. Bg5 e6 4. e4 Bb4 5. e5 h6 6. Bd2 Bxc3 7. bxc3 Ne4 8. Bd3 Nxd2 9. Qxd2 c5 10. f4 c4 11. Be2 Qa5 12. Bf3 Nc6 13. Ne2 Bd7 14. 0-0 0-0-0 15. Ng3 g5 16. fxg5 hxg5 17. Bh5 f5 18. exf6 e5 19. dxe5 Nxe5 20. Rfe1 Ng4 21. Bxg4 Bxg4 22. Qxg5 Qb6+ 23. Qe3 d4 24. cxd4 Qxf6 25. c3 Qh4 26. Nf1 Rdf8 27. Qg3 Qh5 28. Re6 Rf5 29. Re7 Rxf1+ 30. Rxf1 Bd7 31. Re5 Qh7 32. Rc5+ Bc6 33. d5 Rg8 34. Qf2 1-0

[Event "Amantea op-A 9th"]
[Site "Amantea"]
[Date "2011.09.05"]
[Round "2"]
[White "Rombaldoni, Axel"]
[Black "Palazzotto, Roberto"]
[Result "1-0"]
[WhiteElo "2487"]
[BlackElo "1877"]
[PlyCount "41"]
[EventDate "2011.09.04"]
[EventType "swiss"]
[EventRounds "9"]
[EventCountry "ITA"]
[SourceTitle "CBM 144 Extra"]
[Source "ChessBase"]
[SourceDate "2011.10.28"]
[SourceVersion "1"]
[SourceVersionDate "2011.10.28"]
[SourceQuality "1"]

1. e4 c5 2. Nf3 Nc6 3. Nc3 d6 4. Bc4 Nf6 5. d4 cxd4 6. Nxd4 e5 7. Nf5 Be6 8. Ne3 Bxc4 9. Nxc4 Be7 10. Bg5 Nd4 11. Bxf6 Bxf6 12. Nd5 Rc8 13. Nce3 0-0 14. c3 Nc6 15. Qf3 Bg5 16. Nf5 g6 17. h4 gxf5 18. hxg5 Qxg5 19. Rh5 Qg7 20. Qxf5 f6 21. Nxf6+ 1-0

[Event "ITA-ch U20"]
[Site "Montecatini Terme"]
[Date "2011.08.03"]
[Round "5"]
[White "Puleo, Diego"]
[Black "Palazzotto, Roberto"]
[Result "0-1"]
[WhiteElo "2014"]
[BlackElo "1914"]
[PlyCount "144"]
[EventDate "2011.07.31"]
[EventType "swiss"]
[EventRounds "9"]
[EventCountry "ITA"]
[SourceTitle "EXT 2014"]
[Source "ChessBase"]
[SourceDate "2013.11.20"]
[SourceVersion "1"]
[SourceVersionDate "2013.11.20"]
[SourceQuality "1"]

1. c4 c6 2. e4 d5 3. exd5 cxd5 4. d4 e6 5. Nc3 Nf6 6. Nf3 Nc6 7. a3 Be7 8. Bd3 dxc4 9. Bxc4 0-0 10. 0-0 a6 11. Be3 b5 12. Bd3 Bb7 13. Qe2 Rc8 14. Rad1 Qc7 15. Ng5 Rfd8 16. Bb1 Bd6 17. f4 Ne7 18. Nce4 Nxe4 19. Bxe4 Bxe4 20. Nxe4 Nd5 21. Rc1 Qb8 22. Nc5 Bxc5 23. dxc5 Qc7 24. b4 a5 25. Bd2 axb4 26. axb4 Qc6 27. f5 Re8 28. fxe6 Rxe6 29. Qf2 Rf6 30. Qd4 Rg6 31. g3 Re6 32. Rce1 Rxe1 33. Rxe1 Ra8 34. Re5 Nf6 35. Bc3 h6 36. Re1 Ra2 37. Bb2 Qd5 38. Re8+ Kh7 39. Rd8 Qb3 40. Bc1 Qb1 41. Qd3+ Qxd3 42. Rxd3 Ra1 43. Rd1 Nd5 44. Rxd5 Rxc1+ 45. Kf2 Rc4 46. c6 Rxc6 47. Rxb5 Rc2+ 48. Kg1 Rb2 49. Rb8 g5 50. b5 Kg6 51. b6 Kf5 52. b7 Kg4 53. Kf1 Kf3 54. Ke1 Kg2 55. Rh8 Rxb7 56. Rxh6 f5 57. Rg6 g4 58. Rh6 Rb1+ 59. Ke2 Rh1 60. Rh5 Rxh2 61. Rxf5 Kxg3+ 62. Kf1 Rh1+ 63. Ke2 Ra1 64. Rf8 Kh3 65. Rh8+ Kg2 66. Rg8 g3 67. Re8 Ra7 68. Rh8 Re7+ 69. Kd1 Kg1 70. Kd2 g2 71. Kd3 Re5 72. Kd2 Kf2 0-1

[Event "Chioggia op-A 05th"]
[Site "Chioggia"]
[Date "2010.10.08"]
[Round "1"]
[White "Mrdja, Milan"]
[Black "Palazzotto, Roberto"]
[Result "1-0"]
[WhiteElo "2393"]
[BlackElo "1952"]
[PlyCount "57"]
[EventDate "2010.10.08"]
[EventType "swiss"]
[EventRounds "5"]
[EventCountry "ITA"]
[SourceTitle "EXT 2022"]
[Source "ChessBase"]
[SourceDate "2021.10.06"]
[SourceVersion "1"]
[SourceVersionDate "2021.10.06"]
[SourceQuality "1"]

1. e4 c5 2. Nf3 Nc6 3. Bb5 e6 4. Bxc6 bxc6 5. 0-0 Ne7 6. d3 Ng6 7. Ng5 Be7 8. Qh5 Bxg5 9. Bxg5 Qb6 10. b3 d5 11. Nc3 h6 12. Be3 d4 13. Na4 Qc7 14. Bd2 e5 15. f4 Qd6 16. fxe5 Qxe5 17. Qxe5+ Nxe5 18. Nxc5 0-0 19. Bf4 Ng6 20. Bg3 Be6 21. a4 Rad8 22. a5 Rfe8 23. Ra4 Nf8 24. Bf2 Nd7 25. Nxe6 Rxe6 26. Rxd4 Kf8 27. Rb4 a6 28. Rb7 c5 29. Rc7 1-0

[Event "Erice op 1st"]
[Site "Erice"]
[Date "2010.08.01"]
[Round "7"]
[White "Palazzotto, Roberto"]
[Black "Ljubisavljevic, Zivojin Z"]
[Result "0-1"]
[WhiteElo "1973"]
[BlackElo "2271"]
[PlyCount "112"]
[EventDate "2010.07.28"]
[EventType "swiss"]
[EventRounds "7"]
[EventCountry "ITA"]
[SourceTitle "EXT 2024"]
[Source "ChessBase"]
[SourceDate "2023.10.10"]
[SourceVersion "1"]
[SourceVersionDate "2023.10.10"]
[SourceQuality "1"]

1. e4 c6 2. d4 d5 3. Nc3 dxe4 4. Nxe4 Nf6 5. Nxf6+ gxf6 6. Nf3 Bf5 7. Bd3 Nd7 8. c3 Bxd3 9. Qxd3 e6 10. Bf4 h5 11. h4 Bh6 12. Bxh6 Rxh6 13. 0-0-0 Qa5 14. Kb1 0-0-0 15. Qc2 Rg6 16. g3 Qd5 17. Nd2 f5 18. Qb3 Qxb3 19. Nxb3 Rg4 20. Nc1 f4 21. Ne2 fxg3 22. fxg3 Nb6 23. Rdf1 Re4 24. Nf4 Rh8 25. Re1 Rxe1+ 26. Rxe1 Nd5 27. Nxd5 cxd5 28. Re5 Kd7 29. Rg5 Ke7 30. Kc2 Kf8 31. Re5 Kg7 32. Kd2 Kh6 33. Ke2 Re8 34. Re3 f6 35. Kf2 Kg6 36. Kg2 b5 37. Kf2 Kf5 38. Kg2 e5 39. Kf2 Ke6 40. Kg2 Rg8 41. Kf2 e4 42. Re1 f5 43. Rh1 Rg4 44. b3 f4 45. gxf4 Kf5 46. Ke2 Rg2+ 47. Ke3 Rg3+ 48. Ke2 Kxf4 49. Rf1+ Rf3 50. Rc1 e3 51. Rg1 Rf2+ 52. Ke1 Rxa2 53. Rg5 Ke4 54. Rxh5 Kd3 55. Kf1 Ra1+ 56. Kg2 e2 0-1

[Event "St Eufemia d'Aspromonte op 3rd"]
[Site "St Eufemia d'Aspromonte"]
[Date "2010.01.06"]
[Round "7"]
[White "Serratore, Vincenzo"]
[Black "Palazzotto, Roberto"]
[Result "0-1"]
[WhiteElo "1891"]
[BlackElo "1927"]
[PlyCount "52"]
[EventDate "2010.01.02"]
[EventType "swiss"]
[EventRounds "7"]
[EventCountry "ITA"]
[SourceTitle "CBM 134 Extra"]
[Source "ChessBase"]
[SourceDate "2010.03.03"]
[SourceVersion "1"]
[SourceVersionDate "2010.03.03"]
[SourceQuality "1"]

1. d4 d5 2. Nf3 Nf6 3. e3 c5 4. c3 e6 5. Bd3 Nc6 6. Nbd2 Bd6 7. 0-0 0-0 8. Qe2 Re8 9. Re1 e5 10. dxe5 Nxe5 11. Nxe5 Bxe5 12. Kh1 Ng4 13. Nf3 Qd6 14. Nxe5 Rxe5 15. f4 Qh6 16. g3 Rh5 17. h4 Rxh4+ 18. gxh4 Qxh4+ 19. Kg1 Qg3+ 20. Qg2 Qxe1+ 21. Bf1 Nxe3 22. Bxe3 Qxe3+ 23. Kh1 Bf5 24. Qg5 Be4+ 25. Bg2 Qh3+ 26. Kg1 Qxg2+ 0-1

[Event "St Eufemia d'Aspromonte op 3rd"]
[Site "St Eufemia d'Aspromonte"]
[Date "2010.01.05"]
[Round "5"]
[White "Familari, Giuseppe"]
[Black "Palazzotto, Roberto"]
[Result "0-1"]
[WhiteElo "1863"]
[BlackElo "1927"]
[PlyCount "58"]
[EventDate "2010.01.02"]
[EventType "swiss"]
[EventRounds "7"]
[EventCountry "ITA"]
[SourceTitle "CBM 134 Extra"]
[Source "ChessBase"]
[SourceDate "2010.03.03"]
[SourceVersion "1"]
[SourceVersionDate "2010.03.03"]
[SourceQuality "1"]

1. e4 c5 2. c3 d5 3. exd5 Qxd5 4. d4 Nc6 5. Nf3 Bg4 6. Nbd2 cxd4 7. Bc4 Qh5 8. 0-0 Nf6 9. Re1 e6 10. Qa4 Bd6 11. Bb5 0-0 12. h3 Bxf3 13. Nxf3 dxc3 14. bxc3 Ne7 15. Be3 Nfd5 16. Bd2 Ng6 17. Re4 Ngf4 18. g4 Qxh3 19. Bxf4 Nxc3 20. Bxd6 Nxa4 21. Ng5 Qh4 22. Bxf8 Qxg5 23. Bxa4 Kxf8 24. Rd1 f5 25. Red4 fxg4 26. Rd7 g3 27. f3 Qe3+ 28. Kg2 Qf2+ 29. Kh3 g2 0-1

[Event "St Eufemia d'Aspromonte op 3rd"]
[Site "St Eufemia d'Aspromonte"]
[Date "2010.01.05"]
[Round "6"]
[White "Palazzotto, Roberto"]
[Black "Della Corte, Alessandro"]
[Result "0-1"]
[WhiteElo "1927"]
[BlackElo "2229"]
[PlyCount "56"]
[EventDate "2010.01.02"]
[EventType "swiss"]
[EventRounds "7"]
[EventCountry "ITA"]
[SourceTitle "CBM 134 Extra"]
[Source "ChessBase"]
[SourceDate "2010.03.03"]
[SourceVersion "1"]
[SourceVersionDate "2010.03.03"]
[SourceQuality "1"]

1. e4 c5 2. Nf3 d6 3. d4 cxd4 4. Nxd4 Nf6 5. Nc3 a6 6. Be3 e5 7. Nb3 Be6 8. f3 h5 9. Qd2 Nbd7 10. 0-0-0 Qc7 11. Be2 b5 12. f4 Rc8 13. Kb1 Be7 14. Bf3 Nb6 15. Qf2 Nc4 16. Bc1 b4 17. Nd5 Nxd5 18. exd5 Bf5 19. Na1 Bf6 20. Rhe1 0-0 21. Be4 Bxe4 22. Rxe4 exf4 23. Rxf4 Be5 24. Rf5 g6 25. Rg5 Qe7 26. Re1 Qf6 27. Qe2 Bxb2 28. Rf1 Na3# 0-1

[Event "St Eufemia d'Aspromonte op 3rd"]
[Site "St Eufemia d'Aspromonte"]
[Date "2010.01.04"]
[Round "4"]
[White "Palazzotto, Roberto"]
[Black "Stromboli, Carlo"]
[Result "0-1"]
[WhiteElo "1927"]
[BlackElo "2276"]
[PlyCount "58"]
[EventDate "2010.01.02"]
[EventType "swiss"]
[EventRounds "7"]
[EventCountry "ITA"]
[SourceTitle "CBM 134 Extra"]
[Source "ChessBase"]
[SourceDate "2010.03.03"]
[SourceVersion "1"]
[SourceVersionDate "2010.03.03"]
[SourceQuality "1"]

1. e4 e5 2. Nf3 Nc6 3. Bb5 a6 4. Ba4 Nf6 5. 0-0 b5 6. Bb3 Bc5 7. c3 d6 8. h3 Bb7 9. Re1 h6 10. d4 Bb6 11. Bc2 0-0 12. Be3 exd4 13. cxd4 Nb4 14. d5 Nxc2 15. Qxc2 c5 16. dxc6 Rc8 17. Qd3 Bxc6 18. Bxb6 Qxb6 19. Nbd2 Qb7 20. Nd4 Rfe8 21. Nf5 Re6 22. Nxd6 Rd8 23. e5 Ne8 24. Nb3 Rg6 25. Qxg6 Rxd6 26. Qc2 Rg6 27. Nc5 Rxg2+ 28. Kf1 Rh2 29. Nxb7 Bf3 0-1

[Event "St Eufemia d'Aspromonte op 3rd"]
[Site "St Eufemia d'Aspromonte"]
[Date "2010.01.02"]
[Round "1"]
[White "Palazzotto, Roberto"]
[Black "Gromovs, Sergejs"]
[Result "0-1"]
[WhiteElo "1927"]
[BlackElo "2334"]
[PlyCount "100"]
[EventDate "2010.01.02"]
[EventType "swiss"]
[EventRounds "7"]
[EventCountry "ITA"]
[SourceTitle "CBM 134 Extra"]
[Source "ChessBase"]
[SourceDate "2010.03.03"]
[SourceVersion "1"]
[SourceVersionDate "2010.03.03"]
[SourceQuality "1"]

1. e4 c5 2. Nf3 d6 3. d4 cxd4 4. Nxd4 Nf6 5. Nc3 a6 6. Be3 e5 7. Nb3 Be6 8. f3 Be7 9. Qd2 0-0 10. 0-0-0 b5 11. Nd5 Bxd5 12. exd5 Nbd7 13. Na5 Qc7 14. Nc6 Bd8 15. g4 Nb6 16. Bxb6 Qxb6 17. h4 Rc8 18. Nxd8 Rfxd8 19. h5 Rc5 20. g5 Nxd5 21. g6 Ne3 22. gxh7+ Kh8 23. Bd3 Nxd1 24. h6 Ne3 25. hxg7+ Kxg7 26. Qh2 Kh8 27. Qh6 Nd5 28. Be4 Rc4 29. Bxd5 Rf4 30. Kb1 Rc8 31. Qg5 Qd8 32. Qg3 Qf6 33. Be4 Qg7 34. Qh2 f5 35. Bd5 Rf8 36. Bg8 Rxf3 37. Rg1 Rf6 38. a3 Rh6 39. Rxg7 Rxh2 40. Rd7 Rh6 41. Rc7 e4 42. Re7 d5 43. Re8 d4 44. Ka2 Rh2 45. Rd8 Rd2 46. Re8 Rff2 47. Re7 Rxc2 48. Ka1 Rxb2 49. Rc7 Rbc2 50. Rxc2 Rxc2 0-1

[Event "EU-ch U14 19th"]
[Site "Fermo"]
[Date "2009.09.03"]
[Round "4"]
[White "Palazzotto, Roberto"]
[Black "Novotny, Adam"]
[Result "1-0"]
[WhiteElo "1820"]
[BlackElo "1738"]
[PlyCount "67"]
[EventDate "2009.08.31"]
[EventType "swiss"]
[EventRounds "9"]
[EventCountry "ITA"]
[SourceTitle "CBM 132 Extra"]
[Source "ChessBase"]
[SourceDate "2009.11.03"]
[SourceVersion "1"]
[SourceVersionDate "2009.11.03"]
[SourceQuality "1"]

1. e4 d5 2. exd5 Nf6 3. Nc3 Nxd5 4. Nxd5 Qxd5 5. d4 Nc6 6. Nf3 Bg4 7. Be2 0-0-0 8. c4 Qh5 9. Be3 e5 10. d5 e4 11. Ng5 Bb4+ 12. Kf1 Ne5 13. Bf4 f6 14. Bxg4+ Nxg4 15. Ne6 Rd7 16. Qa4 a5 17. a3 g5 18. Bxc7 Rxc7 19. Nxc7 Nxh2+ 20. Kg1 e3 21. fxe3 Bc5 22. Rxh2 Bxe3+ 23. Kh1 Qf7 24. Ne6 b6 25. Qc6+ Kb8 26. b4 Rc8 27. Qd6+ Ka8 28. bxa5 Qa7 29. axb6 Bxb6 30. Rb1 Ba5 31. c5 Bc3 32. Qb6 Qd7 33. Qa6+ Qa7 34. Qxc8+ 1-0

[Event "Nicolo La Rosa op 15th"]
[Site "Mazara del Vallo"]
[Date "2007.08.11"]
[Round "3"]
[White "Palazzotto, Roberto"]
[Black "Sgarito, Lino"]
[Result "1-0"]
[WhiteElo "1725"]
[BlackElo "1464"]
[PlyCount "76"]
[EventDate "2007.08.10"]
[EventType "swiss"]
[EventRounds "6"]
[EventCountry "ITA"]
[SourceTitle "EXT 2011"]
[Source "ChessBase"]
[SourceDate "2010.11.26"]
[SourceVersion "1"]
[SourceVersionDate "2010.11.26"]
[SourceQuality "1"]

1. e4 e5 2. Nf3 d6 3. d4 Nd7 4. Be3 Ngf6 5. Nbd2 g6 6. c3 Bg7 7. Be2 0-0 8. 0-0 Re8 9. d5 h6 10. h3 b6 11. c4 Nh5 12. b4 Nf4 13. c5 Nxe2+ 14. Qxe2 bxc5 15. bxc5 Nb8 16. Rfc1 f5 17. Nb3 fxe4 18. Nfd2 Ba6 19. Nc4 Nd7 20. Qg4 Qf6 21. Qxd7 Re7 22. Qg4 Bc8 23. Qe2 Ba6 24. Nbd2 Qf7 25. Nxe4 Qxd5 26. Bxh6 Bb7 27. f3 Ba6 28. Bxg7 Kxg7 29. Qc2 Rb8 30. Ne3 Qd4 31. Qc3 d5 32. Qxd4 exd4 33. Nxd5 Rd7 34. Nf4 Rb2 35. c6 Re7 36. Nc5 g5 37. Nfe6+ Kf6 38. Nxd4 Bc8 1-0